[Event "Reykjavik Open 2018"]
[Site "Reykjavik ISL"]
[Date "2018.03.10"]
[Round "5.33"]
[White "Thorsteinsson, Thorsteinn"]
[Black "Buscar, Michael"]
[Result "1-0"]
[WhiteTitle "FM"]
[WhiteElo "2317"]
[BlackElo "2099"]
[WhiteFideId "2300281"]
[BlackFideId "2603616"]
[EventDate "2018.03.06"]

1. d4 Nf6 2. c4 e6 3. Nf3 b6 4. a3 Bb7 5. Nc3 Be7 6. Bg5 O-O 7. e3 d6 8. Be2
Nbd7 9. O-O c5 10. Rc1 a6 11. Nd2 cxd4 12. exd4 Qc7 13. Re1 Rfe8 14. b4 Rac8 15.
Bf3 Qb8 16. Re3 Ng4 17. Bxg4 Bxg5 18. Rh3 Nf6 19. Be2 Qa8 20. Bf1 e5 21. d5 e4
22. Qc2 e3 23. fxe3 Rxe3 24. Nf3 Rxc3 25. Qxc3 Bxc1 26. Qxc1 Bxd5 27. Qf4 Be6
28. Rh4 d5 29. Ng5 Re8 30. h3 dxc4 31. Nxe6 Rxe6 32. Bxc4 Re4 33. Qf2 b5 34. Be2
Qe8 35. Bf3 Re1+ 36. Kh2 Qe5+ 37. g3 Re3 38. Bg2 g6 39. Rf4 Kg7 40. Rxf6 Rxg3
41. Rxf7+ Kg8 42. Qxg3 1-0

[Event "Reykjavik Open 2018"]
[Site "Reykjavik ISL"]
[Date "2018.03.10"]
[Round "5.35"]
[White "Stefansson, Vignir Vatnar"]
[Black "Thorsteinsson, Erlingur"]
[Result "1-0"]
[WhiteTitle "FM"]
[WhiteElo "2300"]
[BlackElo "2056"]
[WhiteFideId "2308649"]
[BlackFideId "2301091"]
[EventDate "2018.03.06"]

1. Nc3 Nf6 2. e4 e5 3. Nf3 Nc6 4. Bc4 Nxe4 5. Nxe4 d5 6. Bd3 dxe4 7. Bxe4 Bd6 8.
d4 O-O 9. Bxc6 bxc6 10. dxe5 Bb4+ 11. Bd2 Qe7 12. a3 Bc5 13. O-O Ba6 14. Re1 h6
15. Be3 Rad8 16. Qc1 Bc4 17. Bxc5 Qxc5 18. Qe3 Qb6 19. b3 Bd5 20. Rad1 c5 21.
Qc3 Qg6 22. Nh4 Qh5 23. Nf3 Qg6 24. Rd3 c4 25. bxc4 Be4 26. Rde3 Bxf3 27. Rxf3
c5 28. Rd3 Rxd3 29. Qxd3 Qb6 30. Rd1 Qb2 31. f4 Re8 32. Qb3 Rb8 33. Rd8+ 1-0

[Event "Reykjavik Open 2018"]
[Site "Reykjavik ISL"]
[Date "2018.03.10"]
[Round "5.36"]
[White "Gledura, Benjamin"]
[Black "Johannsson, Birkir Isak"]
[Result "1-0"]
[WhiteTitle "GM"]
[WhiteElo "2632"]
[BlackElo "1867"]
[WhiteFideId "712779"]
[BlackFideId "2314673"]
[EventDate "2018.03.06"]

1. Nf3 d5 2. g3 c6 3. Bg2 Bg4 4. h3 Bxf3 5. Bxf3 Nf6 6. d3 Nbd7 7. O-O e6 8. Bg2
Bd6 9. e4 Qc7 10. Qe2 O-O 11. Nd2 e5 12. h4 Rad8 13. h5 h6 14. Re1 Rfe8 15. Nf1
Nc5 16. Qf3 dxe4 17. dxe4 Nh7 18. Ne3 Bf8 19. Nf5 Ne6 20. c3 Rd7 21. Be3 Red8
22. a4 a5 23. Bf1 Neg5 24. Qh1 Ne6 25. Bc4 Nc5 26. Qh4 Kh8 27. Kg2 b6 28. Re2
Nb7 29. Qg4 Nd6 30. Nxd6 Rxd6 31. f4 Rd1 32. Rxd1 Rxd1 33. Qf5 Rd7 34. fxe5 Re7
35. Bf4 Qd7 36. Rd2 Qe8 37. Rf2 Kg8 38. Be3 b5 39. axb5 cxb5 40. Bd5 Rc7 41. Bb6 1-0

[Event "Reykjavik Open 2018"]
[Site "Reykjavik ISL"]
[Date "2018.03.10"]
[Round "5.37"]
[White "Cramling Bellon, Anna"]
[Black "Kveinys, Aloyzas"]
[Result "0-1"]
[BlackTitle "GM"]
[WhiteElo "2175"]
[BlackElo "2511"]
[WhiteFideId "32009232"]
[BlackFideId "12800040"]
[EventDate "2018.03.06"]

1. d4 e6 2. c4 Bb4+ 3. Bd2 a5 4. a3 Bxd2+ 5. Qxd2 Nf6 6. Nc3 d6 7. Nf3 Nbd7 8.
Rd1 Qe7 9. e3 O-O 10. Be2 b6 11. O-O Bb7 12. Qc2 Rfc8 13. d5 e5 14. e4 c6 15.
dxc6 Bxc6 16. Qd2 Nc5 17. Qxd6 Qxd6 18. Rxd6 Nfxe4 19. Nxe4 Nxe4 20. Rdd1 f6 21.
Nd2 Ng5 22. Bg4 Rd8 23. h4 Rd4 24. f4 Nf7 25. Nb3 Rxd1 26. Bxd1 Rd8 27. Bc2 a4
28. Nc1 Rd2 29. Rf2 Rxf2 30. Kxf2 exf4 31. Ne2 Ne5 32. Nc3 Ng4+ 33. Kg1 Ne3 34.
Bxa4 Bxa4 35. Nxa4 Nxc4 36. b3 b5 37. Nc3 Nxa3 38. Kf2 Kf7 39. Kf3 g5 40. Ke4
Kg6 41. hxg5 fxg5 42. Kd3 Kf5 43. Nd5 h5 44. Kc3 h4 45. Kd3 f3 46. gxf3 h3 47.
Ne3+ Kf4 0-1

[Event "Reykjavik Open 2018"]
[Site "Reykjavik ISL"]
[Date "2018.03.10"]
[Round "5.38"]
[White "Cumming, Rhys"]
[Black "Kjartansson, Gudmundur"]
[Result "1/2-1/2"]
[BlackTitle "IM"]
[WhiteElo "2155"]
[BlackElo "2432"]
[WhiteFideId "470163"]
[BlackFideId "2301318"]
[EventDate "2018.03.06"]

1. e4 Nc6 2. Nf3 d6 3. d4 Nf6 4. Nc3 g6 5. h3 Bg7 6. Be3 O-O 7. Qd2 e5 8. O-O-O
exd4 9. Nxd4 Bd7 10. f3 Nh5 11. Nxc6 bxc6 12. Bh6 Bxh6 13. Qxh6 Qf6 14. Bc4 Be6
15. Bxe6 fxe6 16. Rhe1 Qf4+ 17. Qxf4 Nxf4 18. Rd2 e5 19. Nd1 Kf7 20. Ne3 Ke6 21.
Nc4 Rab8 22. b3 Nh5 23. Na5 Kd7 24. Nc4 Rbe8 25. Red1 Re7 26. Kb2 Ng3 27. Ne3 h5
28. a3 g5 29. c4 Re6 30. c5 Rf4 31. Nc4 Rff6 32. Ne3 Rf4 33. Nc4 Rff6 34. Ne3 1/2-1/2

[Event "Reykjavik Open 2018"]
[Site "Reykjavik ISL"]
[Date "2018.03.10"]
[Round "5.39"]
[White "Jacobsen, Mikkel Manosri"]
[Black "Brunello, Marina"]
[Result "1-0"]
[WhiteTitle "FM"]
[BlackTitle "FM"]
[WhiteElo "2161"]
[BlackElo "2367"]
[WhiteFideId "1444514"]
[BlackFideId "822590"]
[EventDate "2018.03.06"]

1. d4 d5 2. Bf4 Nf6 3. e3 c5 4. c3 Nc6 5. Nf3 Bg4 6. Qb3 Qc8 7. Ne5 c4 8. Qa4 a6
9. Nxc6 bxc6 10. b3 Nh5 11. Be5 Bd7 12. bxc4 f6 13. Bg3 Nxg3 14. hxg3 c5 15. Qc2
dxc4 16. Bxc4 cxd4 17. cxd4 e5 18. Nd2 Bb4 19. Rc1 Ba3 20. Rb1 g6 21. Rxh7 1-0

[Event "Reykjavik Open 2018"]
[Site "Reykjavik ISL"]
[Date "2018.03.10"]
[Round "5.40"]
[White "Halldorsson, Bragi"]
[Black "Midoux, Sebastien"]
[Result "0-1"]
[WhiteElo "2126"]
[BlackElo "2319"]
[WhiteFideId "2300907"]
[BlackFideId "611140"]
[EventDate "2018.03.06"]

1. d4 d5 2. Nf3 Nf6 3. g3 b5 4. Bg2 e6 5. O-O c5 6. a4 b4 7. c4 bxc3 8. Nxc3
Nbd7 9. e4 Bb7 10. exd5 Nxd5 11. Nxd5 Bxd5 12. dxc5 Bxc5 13. b4 Bxb4 14. Nd4
Bxg2 15. Kxg2 Nf6 16. Rb1 Qd5+ 17. Qf3 a5 18. Nb5 O-O 19. Bb2 Qxf3+ 20. Kxf3 Nd5
21. Rbc1 Nb6 22. Bc3 Nxa4 23. Bxb4 axb4 24. Rc4 b3 25. Rb1 b2 26. Ke3 Rfb8 27.
Nc3 Rb3 28. Kd2 Nxc3 29. Rxc3 Rd8+ 30. Kc2 Rxc3+ 31. Kxc3 Rc8+ 32. Kxb2 Rb8+ 33.
Kc2 Rxb1 34. Kxb1 Kf8 35. Kc2 Ke7 36. Kd3 Kd6 37. Ke4 f5+ 38. Kd4 e5+ 39. Kc4
Kc6 40. Kc3 Kc5 41. Kd3 Kd5 42. Ke3 g5 43. h3 h5 44. Kd3 e4+ 45. Kc3 f4 46. gxf4
gxf4 47. Kd2 Kd4 48. Ke2 Kc3 49. Kd1 f3 50. h4 Kd3 51. Ke1 Kc2 0-1

[Event "Reykjavik Open 2018"]
[Site "Reykjavik ISL"]
[Date "2018.03.10"]
[Round "5.41"]
[White "Ingvason, Johann"]
[Black "Kantorik, Marian"]
[Result "1/2-1/2"]
[BlackTitle "IM"]
[WhiteElo "2126"]
[BlackElo "2313"]
[WhiteFideId "2301431"]
[BlackFideId "14900513"]
[EventDate "2018.03.06"]

1. c4 Nf6 2. Nf3 g6 3. Nc3 d5 4. cxd5 Nxd5 5. e4 Nxc3 6. bxc3 Bg7 7. Bc4 O-O 8.
O-O c5 9. Bb2 Nc6 10. d4 cxd4 11. cxd4 Bg4 12. Rb1 Bxf3 13. Qxf3 Bxd4 14. Rfd1
Qc7 15. Bxd4 Nxd4 16. Rxd4 e5 17. Rd2 Qxc4 18. h4 Qc7 19. h5 Qe7 20. g3 Rfd8 21.
Rxd8+ Rxd8 22. h6 b6 23. Rc1 Qg5 24. Rc7 Rf8 25. Qc3 Qxh6 26. Qxe5 Rd8 27. Kg2
Qg7 28. Qe7 Qf8 29. Qf6 Qe8 30. Re7 Qf8 31. Rxa7 Rd6 32. Qf4 Re6 33. g4 Re7 34.
Rxe7 Qxe7 35. Qb8+ Kg7 36. Qxb6 Qxe4+ 37. f3 Qe2+ 38. Qf2 Qe5 39. Qd2 h5 40.
gxh5 gxh5 41. Kh3 Qf5+ 42. Kg3 h4+ 43. Kg2 Qg6+ 44. Kh1 Qb1+ 45. Kh2 Qb8+ 46.
Kg1 Kg6 47. f4 1/2-1/2

[Event "Reykjavik Open 2018"]
[Site "Reykjavik ISL"]
[Date "2018.03.10"]
[Round "5.42"]
[White "Risting, Eivind Olav"]
[Black "Loftsson, Hrafn"]
[Result "1-0"]
[WhiteTitle "FM"]
[WhiteElo "2304"]
[BlackElo "2169"]
[WhiteFideId "1517333"]
[BlackFideId "2300729"]
[EventDate "2018.03.06"]

1. d4 d6 2. e4 Nf6 3. Nc3 e5 4. Nf3 Nbd7 5. Bc4 Be7 6. O-O O-O 7. Re1 c6 8. a4
a5 9. h3 Nb6 10. Bb3 Nfd7 11. Be3 exd4 12. Bxd4 Nc5 13. Bxc5 dxc5 14. Qe2 Qd6
15. Rad1 Qh6 16. Nd2 Rd8 17. Nc4 Rxd1 18. Rxd1 Nxc4 19. Bxc4 Qf4 20. Qd3 g6 21.
Ne2 Qe5 22. b3 Rb8 23. f4 Qc7 24. Nc3 Qxf4 25. Rf1 Qe5 26. Rxf7 Kh8 27. Qe3 g5
28. Qf3 g4 29. Rf8+ Kg7 30. Rg8+ Kh6 31. hxg4 1-0

[Event "Reykjavik Open 2018"]
[Site "Reykjavik ISL"]
[Date "2018.03.10"]
[Round "5.44"]
[White "Kristjansson, Atli Freyr"]
[Black "Der Manuelian, Haik"]
[Result "0-1"]
[WhiteElo "2123"]
[BlackElo "2279"]
[WhiteFideId "2302268"]
[BlackFideId "2084015"]
[EventDate "2018.03.06"]

1. d4 d5 2. Bf4 c6 3. e3 Bf5 4. c4 e6 5. Qb3 b6 6. Nf3 Bd6 7. Bxd6 Qxd6 8. Nc3
Nf6 9. a4 Nbd7 10. Be2 a5 11. O-O O-O 12. Rfd1 h6 13. cxd5 exd5 14. Bd3 Bxd3 15.
Rxd3 Ne4 16. Rc1 Rfb8 17. Rdd1 b5 18. axb5 Nxc3 19. Qxc3 cxb5 20. Qc7 Qxc7 21.
Rxc7 Nb6 22. Ne5 Rc8 23. Rxf7 Na4 24. b3 Nb2 25. Rb1 Rc3 26. Kf1 Rxb3 27. e4 a4
28. exd5 Nc4 29. Re1 Nxe5 30. Rc7 Nf7 31. Ree7 Rf8 32. d6 Rd3 33. d7 Nd8 34. Rc8
Rxd4 35. Rxd8 Rxd8 36. Re8+ Kf7 37. Rxd8 a3 38. Ra8 b4 39. Ra4 Rxd7 40. Ke2 Rb7
41. Kd2 Ke6 42. Kc2 Kd5 43. Kb3 Kd4 44. Ra6 Kd3 45. f4 Ke4 46. g3 Kf5 47. Rd6
Ra7 48. Rd2 a2 49. Rxa2 Rxa2 50. Kxa2 Kg4 51. Kb3 Kh3 52. Kxb4 Kxh2 53. g4 Kg3
54. g5 hxg5 55. fxg5 Kf4 56. g6 Kf5 57. Kc4 Kxg6 58. Kd4 Kf5 59. Ke3 Kg4 60. Kf2
Kh3 61. Kg1 Kg3 62. Kh1 g5 63. Kg1 g4 0-1

[Event "Reykjavik Open 2018"]
[Site "Reykjavik ISL"]
[Date "2018.03.10"]
[Round "5.45"]
[White "Kumar, Nikhil"]
[Black "Bucher, Grant W"]
[Result "1-0"]
[WhiteTitle "FM"]
[WhiteElo "2277"]
[BlackElo "2121"]
[WhiteFideId "30909040"]
[BlackFideId "413810"]
[EventDate "2018.03.06"]

1. d4 Nf6 2. c4 g6 3. Nf3 Bg7 4. e3 O-O 5. Be2 c5 6. d5 d6 7. O-O e6 8. Nc3 Na6
9. e4 exd5 10. exd5 Nc7 11. h3 a6 12. a4 Rb8 13. Bf4 Re8 14. Bd3 b5 15. cxb5
Nfxd5 16. Nxd5 Nxd5 17. Bg5 Bf6 18. Qd2 Bxg5 19. Nxg5 Nb4 20. Qf4 f6 21. Bc4+
Kg7 22. Nf7 Qe7 23. Qh6+ Kg8 24. Nxd6+ 1-0

[Event "Reykjavik Open 2018"]
[Site "Reykjavik ISL"]
[Date "2018.03.10"]
[Round "5.46"]
[White "Soham, Das"]
[Black "Jonsson, Gauti Pall"]
[Result "1-0"]
[WhiteElo "2275"]
[BlackElo "2104"]
[WhiteFideId "35026763"]
[BlackFideId "2309092"]
[EventDate "2018.03.06"]

1. e4 c5 2. Nf3 e6 3. d4 cxd4 4. Nxd4 Nc6 5. Nc3 Qc7 6. Be3 a6 7. Qd2 Nf6 8.
O-O-O b5 9. Bf4 Qb6 10. e5 Qxd4 11. Qxd4 Nxd4 12. Rxd4 Bc5 13. Rd2 Nh5 14. Bg5
h6 15. Be3 Bxe3 16. fxe3 f5 17. g4 fxg4 18. Bd3 O-O 19. Bg6 Nf6 20. exf6 Rxf6
21. Bh5 Bb7 22. Rg1 Bc6 23. Bxg4 Raf8 24. b4 a5 25. a3 axb4 26. axb4 Ra8 27. Kb2
Raf8 28. Rgd1 R8f7 29. Be2 Rf5 30. Bd3 Re5 31. e4 Rf4 32. Rg1 g5 33. Kb3 Kg7 34.
Ra1 Rf8 35. Ra5 Rb8 36. Kb2 Kg6 37. Nxb5 Bxb5 38. c4 Bxc4 39. Rxe5 Kf6 40. Rc5
Bxd3 41. e5+ Kf5 42. Rxd3 Rxb4+ 43. Kc3 Rh4 44. h3 h5 45. Rc7 Kxe5 46. Rcxd7 Ra4
47. Rh7 h4 48. Rb7 Ra3+ 49. Kd2 Ra2+ 50. Ke3 Rh2 51. Rb5+ Kf6 52. Ke4 Rh1 53.
Rf3+ Kg6 54. Re5 Kh5 55. Rxe6 Ra1 56. Rf8 Re1+ 57. Kd5 Rd1+ 58. Ke5 Re1+ 59. Kd6
Rd1+ 60. Ke7 1-0

[Event "Reykjavik Open 2018"]
[Site "Reykjavik ISL"]
[Date "2018.03.10"]
[Round "5.47"]
[White "Petersson, Baldur Teodor"]
[Black "Navalgund, Niranjan"]
[Result "0-1"]
[WhiteTitle "CM"]
[WhiteElo "2073"]
[BlackElo "2275"]
[WhiteFideId "2309157"]
[BlackFideId "5030854"]
[EventDate "2018.03.06"]

1. Nf3 Nf6 2. g3 b5 3. Bg2 Bb7 4. O-O e6 5. d3 d5 6. Nd4 a6 7. c4 c5 8. Nb3 Be7
9. a4 b4 10. d4 cxd4 11. Nxd4 O-O 12. Nd2 Qb6 13. e3 Nc6 14. Nxc6 Bxc6 15. b3
Rfd8 16. Qe2 d4 17. Bxc6 Qxc6 18. exd4 Rxd4 19. Bb2 Rd7 20. Nf3 Qe4 21. Qxe4
Nxe4 22. Rfe1 Nc5 23. Re3 Rad8 24. Ne5 Rd2 25. Nc6 Rxb2 26. Nxe7+ Kf8 27. Nc6
Rdd2 28. Nxb4 Nxb3 29. Rf1 Nc5 30. Nc6 f6 31. Ree1 Rd6 32. Na5 Nxa4 33. c5 Rd5
34. Rxe6 Nxc5 35. Rc6 Ra2 36. Nc4 Nd7 37. Ne3 Rdd2 38. Nc4 Rd5 39. Ne3 Rc5 40.
Rd6 Ke7 41. Rfd1 Ne5 42. Rb6 Kf7 43. Kg2 h5 44. Rdd6 a5 45. Rb7+ Kg6 46. Rd4 Rc3
47. Nd5 Rcc2 48. Nf4+ Kh6 49. Nh3 Ng4 50. Rd8 g5 51. Rd6 Kg6 52. Rbb6 Ra3 53.
Kg1 a4 54. Ra6 Raa2 55. Ra5 Rc1+ 56. Kg2 Ne3+ 57. Kf3 Nf5 58. Rdd5 Rc3+ 0-1

[Event "Reykjavik Open 2018"]
[Site "Reykjavik ISL"]
[Date "2018.03.10"]
[Round "5.48"]
[White "Mohota, Nisha"]
[Black "Ebner, Johann"]
[Result "1-0"]
[WhiteTitle "IM"]
[WhiteElo "2272"]
[BlackElo "2070"]
[WhiteFideId "5004330"]
[BlackFideId "1603957"]
[EventDate "2018.03.06"]

1. Nf3 e6 2. g3 Nf6 3. Bg2 d5 4. O-O Be7 5. d4 O-O 6. c4 c6 7. Qc2 Ne4 8. Nbd2
f5 9. Rb1 Nd7 10. b4 Ndf6 11. c5 Bd7 12. Nb3 Be8 13. Ne5 Nd7 14. Nd3 h6 15. Na5
Qc8 16. f3 Nef6 17. Bd2 a6 18. Bf4 g5 19. Bd6 Rf7 20. e4 Bxd6 21. cxd6 Nf8 22.
e5 1-0

[Event "Reykjavik Open 2018"]
[Site "Reykjavik ISL"]
[Date "2018.03.10"]
[Round "5.49"]
[White "Lunn, Matthew"]
[Black "Kucuksari, Kaan"]
[Result "1/2-1/2"]
[BlackTitle "FM"]
[WhiteElo "2069"]
[BlackElo "2271"]
[WhiteFideId "405485"]
[BlackFideId "6380166"]
[EventDate "2018.03.06"]

1. d4 Nf6 2. c4 e6 3. Nc3 Bb4 4. Qc2 O-O 5. e4 d5 6. e5 Ne4 7. Bd3 c5 8. cxd5
exd5 9. Ne2 cxd4 10. Nxd4 Nd7 11. f4 Qh4+ 12. g3 Qh3 13. Bf1 Qh6 14. Bg2 Qa6 15.
Ne2 Qb6 16. Bxe4 dxe4 17. a3 Nc5 18. Be3 Nd3+ 19. Qxd3 exd3 20. Bxb6 axb6 21.
Kd2 Bc5 22. Ng1 Bd7 23. Nf3 Bc6 24. Rhf1 Rfd8 25. Rae1 b5 26. Ne4 Bf8 27. Nd6
Bxd6 28. exd6 Rxd6 29. Re3 f6 30. Rc1 Ra4 31. Ne1 b4 32. Rc4 bxa3 33. Rxa4 Bxa4
34. bxa3 Rb6 35. Nxd3 Rb3 36. Nc5 Rb2+ 37. Kc3 Rc2+ 38. Kd4 Bc6 39. h3 Rd2+ 40.
Rd3 Rh2 41. g4 Rf2 42. Ne6 Bd7 43. Ke3 Rf1 44. Rxd7 Re1+ 45. Kf3 Rxe6 46. Rxb7
Ra6 47. Rb3 1/2-1/2

[Event "Reykjavik Open 2018"]
[Site "Reykjavik ISL"]
[Date "2018.03.10"]
[Round "5.50"]
[White "Thorsteinsdottir, Hallgerdur"]
[Black "Pantzar, Milton"]
[Result "0-1"]
[WhiteTitle "WFM"]
[BlackTitle "FM"]
[WhiteElo "2041"]
[BlackElo "2263"]
[WhiteFideId "2302454"]
[BlackFideId "1721003"]
[EventDate "2018.03.06"]

1. e4 e6 2. d4 d5 3. Nd2 Nf6 4. e5 Nfd7 5. Bd3 c5 6. c3 b5 7. Ne2 b4 8. f4 g6 9.
Nf3 Ba6 10. Bc2 Nc6 11. O-O Qa5 12. Bd2 Nb6 13. cxb4 cxb4 14. b3 Rc8 15. Rf2 Na8
16. g4 h5 17. h3 hxg4 18. hxg4 Be7 19. f5 gxf5 20. gxf5 Kd7 21. f6 Rcg8+ 22. Rg2
Bf8 23. Ng3 Qb6 24. Be3 Nc7 25. Qd2 Nb5 26. Ne2 Nc3 27. Bd3 Bxd3 28. Qxd3 Ne4
29. Ng5 Nxg5 30. Bxg5 Nxe5 31. Qe3 Nc6 32. Rc1 Bd6 33. Rc2 Rh5 34. Bf4 Rxg2+ 35.
Kxg2 Bxf4 36. Qxf4 Qc7 37. Qg4 Qh2+ 38. Kf1 Qh3+ 39. Qxh3 Rxh3 40. Ng1 Rh6 41.
Rf2 Kd6 0-1

[Event "Reykjavik Open 2018"]
[Site "Reykjavik ISL"]
[Date "2018.03.10"]
[Round "5.51"]
[White "Lorscheid, Gerhard"]
[Black "Thorhallsson, Simon"]
[Result "0-1"]
[WhiteTitle "FM"]
[WhiteElo "2228"]
[BlackElo "2060"]
[WhiteFideId "4606000"]
[BlackFideId "2310090"]
[EventDate "2018.03.06"]

1. d4 Nf6 2. c4 g6 3. Nc3 Bg7 4. e4 d6 5. Be2 O-O 6. Bg5 h6 7. Be3 c5 8. d5 b5
9. cxb5 a6 10. f3 Qa5 11. a4 axb5 12. Bxb5 Ba6 13. Ra3 Nbd7 14. Ne2 Ne5 15. O-O
Nc4 16. Bxc4 Bxc4 17. b3 Ba6 18. Nb1 Rfb8 19. Re1 Nd7 20. f4 Bd3 21. Bd2 Qb6 22.
a5 Qa7 23. Ng3 c4+ 24. Be3 Bd4 25. Bxd4 Qxd4+ 26. Kh1 Qc5 27. Ra4 Rxa5 0-1

[Event "Reykjavik Open 2018"]
[Site "Reykjavik ISL"]
[Date "2018.03.10"]
[Round "5.52"]
[White "Arnarsson, Hrannar"]
[Black "Birkisson, Bardur Orn"]
[Result "0-1"]
[BlackTitle "CM"]
[WhiteElo "2029"]
[BlackElo "2212"]
[WhiteFideId "2301121"]
[BlackFideId "2310597"]
[EventDate "2018.03.06"]

1. e4 g6 2. d4 Bg7 3. Nc3 d6 4. Be3 a6 5. Qd2 b5 6. O-O-O Bb7 7. f3 Nd7 8. h4 h5
9. Nh3 Ngf6 10. Ng5 O-O 11. Rg1 c5 12. dxc5 Nxc5 13. e5 b4 14. Ne2 Nd5 15. exd6
Nxe3 16. Qxe3 exd6 17. Kb1 a5 18. Nd4 Qf6 19. Bc4 d5 20. Bb5 a4 21. Rge1 Qb6 22.
Bf1 Nd7 23. f4 Nf6 24. Ndf3 Qxe3 25. Rxe3 a3 26. Re7 Bc8 27. Ne5 axb2 28. Nexf7
Bf5 29. Nd6 b3 30. Rxg7+ Kxg7 31. Nxf5+ gxf5 32. Ne6+ Kf7 33. Nxf8 Rxa2 34. cxb3
Ra1+ 0-1

[Event "Reykjavik Open 2018"]
[Site "Reykjavik ISL"]
[Date "2018.03.10"]
[Round "5.53"]
[White "Nebolsina, Vera"]
[Black "Marentini, Marcel"]
[Result "1-0"]
[WhiteTitle "WGM"]
[WhiteElo "2211"]
[BlackElo "2024"]
[WhiteFideId "4163591"]
[BlackFideId "1318730"]
[EventDate "2018.03.06"]

1. e4 d6 2. d4 Nf6 3. Nc3 e5 4. Nf3 Nbd7 5. Bc4 Be7 6. O-O O-O 7. a4 a6 8. h3 b6
9. Qe2 c6 10. Ba2 Bb7 11. Rd1 Qc7 12. Qc4 Rac8 13. dxe5 Nxe5 14. Qe2 b5 15. axb5
cxb5 16. Bb3 Nc4 17. Nd4 Rfe8 18. Bxc4 Qxc4 19. Qxc4 Rxc4 20. f3 b4 21. Nce2 d5
22. e5 Nd7 23. f4 Rcc8 24. Bd2 Nb6 25. b3 h5 26. Kh2 g6 27. Ng1 Rc7 28. Ngf3 Rb8
29. g4 hxg4 30. hxg4 Bc8 31. f5 Nd7 32. Bf4 1-0

[Event "Reykjavik Open 2018"]
[Site "Reykjavik ISL"]
[Date "2018.03.10"]
[Round "5.54"]
[White "Loew, Gerald"]
[Black "Magnusson, Magnus"]
[Result "1-0"]
[WhiteTitle "FM"]
[WhiteElo "2204"]
[BlackElo "2023"]
[WhiteFideId "4615875"]
[BlackFideId "2302128"]
[EventDate "2018.03.06"]

1. c4 e5 2. Nc3 Nc6 3. Nf3 g6 4. d4 exd4 5. Nxd4 Bg7 6. Nxc6 bxc6 7. g3 Ne7 8.
Bg2 O-O 9. O-O d6 10. Bg5 f6 11. Bf4 Be6 12. b3 Qd7 13. Re1 g5 14. Bc1 f5 15.
Bb2 f4 16. Qd2 d5 17. Rad1 Rad8 18. Na4 Qd6 19. Bxg7 Kxg7 20. e4 d4 21. e5 Qa3
22. Be4 Ng6 23. Bxc6 Qe7 24. Qb2 Bd7 25. Bxd7 Rxd7 26. e6 Rd6 27. Rxd4 Kg8 28.
Rxd6 Qxd6 29. Qe2 Qd4 30. Rd1 Qf6 31. Nc5 Qf5 32. e7 Re8 33. Qe6+ Qxe6 34. Nxe6
Rxe7 35. Rd8+ Kf7 36. Nxg5+ Kg7 37. Nf3 h5 38. Ra8 Kf6 39. Rxa7 Kf5 40. Kg2 fxg3
41. hxg3 Ke4 42. Ra6 Rg7 43. Re6+ Kf5 1-0

[Event "Reykjavik Open 2018"]
[Site "Reykjavik ISL"]
[Date "2018.03.10"]
[Round "5.55"]
[White "Mortensen, Rogvi"]
[Black "Bergsson, Stefan"]
[Result "1/2-1/2"]
[WhiteElo "2018"]
[BlackElo "2201"]
[WhiteFideId "7202369"]
[BlackFideId "2301393"]
[EventDate "2018.03.06"]

1. d4 Nf6 2. c4 e6 3. Nc3 Bb4 4. Qc2 O-O 5. Nf3 c5 6. dxc5 Na6 7. g3 Nxc5 8. Bg2
Nfe4 9. O-O Bxc3 10. bxc3 Qa5 11. Nd4 d5 12. cxd5 exd5 13. c4 Bd7 14. Be3 Ba4
15. Nb3 Qb4 16. Bxc5 Nxc5 17. Bxd5 Bxb3 18. axb3 a5 19. Rab1 Rad8 20. Rfd1 Rfe8
21. e3 Rd7 22. Rd4 Red8 23. Rbd1 Rf8 24. Rb1 Rfd8 25. Rbd1 Rf8 26. Rb1 Rfd8 1/2-1/2

[Event "Reykjavik Open 2018"]
[Site "Reykjavik ISL"]
[Date "2018.03.10"]
[Round "5.56"]
[White "Runarsson, Gunnar"]
[Black "Ptacnikova, Lenka"]
[Result "0-1"]
[BlackTitle "WGM"]
[WhiteElo "1993"]
[BlackElo "2200"]
[WhiteFideId "2301768"]
[BlackFideId "305650"]
[EventDate "2018.03.06"]

1. d4 Nf6 2. c4 e6 3. Nf3 Bb4+ 4. Nc3 O-O 5. Qc2 d5 6. e3 Nbd7 7. cxd5 exd5 8.
Be2 c6 9. O-O Re8 10. a3 Bd6 11. b4 a6 12. Bb2 Nf8 13. Na4 Ng6 14. Nc5 Qe7 15.
Bd3 Ne4 16. g3 Bh3 17. Rfe1 Qf6 18. Ne5 Bxc5 19. Bxe4 dxe4 20. Qxe4 Bd6 21. f4
Qe6 22. Qf3 f6 23. Nd3 Bf5 24. Nf2 Be4 25. Qe2 Ne7 26. Rad1 Nd5 27. Qh5 a5 28.
g4 axb4 29. axb4 Ra2 30. f5 Qf7 31. Bc1 Qxh5 32. gxh5 Nxb4 33. h6 Bxh2+ 34. Kxh2
Rxf2+ 35. Kg3 Rxf5 36. hxg7 Re7 37. Kh4 Rxg7 38. Rg1 Rfg5 39. Rxg5 fxg5+ 40. Kg3
Nc2 41. Bb2 Rf7 42. Rd2 h5 0-1

[Event "Reykjavik Open 2018"]
[Site "Reykjavik ISL"]
[Date "2018.03.10"]
[Round "5.57"]
[White "Seyb, Dieter"]
[Black "Mai, Aron Thor"]
[Result "1/2-1/2"]
[WhiteTitle "FM"]
[WhiteElo "2192"]
[BlackElo "1975"]
[WhiteFideId "4603346"]
[BlackFideId "2313383"]
[EventDate "2018.03.06"]

1. e4 c6 2. d4 d5 3. e5 Bf5 4. h4 h5 5. Bd3 Bxd3 6. Qxd3 Qa5+ 7. Bd2 Qa6 8. e6
Qxd3 9. exf7+ Kxf7 10. cxd3 Nd7 11. Nf3 Nh6 12. Nc3 g6 13. Ne2 Bg7 14. Ng5+ Kg8
15. Nf4 Nf8 16. Bc3 Nf5 17. Nf3 Bf6 18. g3 Kf7 19. O-O Ne6 20. Nxe6 Kxe6 21.
Rfe1+ Kf7 22. Re2 Rhe8 23. Rae1 Rad8 24. Kg2 Ra8 25. Ne5+ Kg7 26. Nf3 Kf7 27.
Ne5+ Kg7 28. Nf3 Kf7 29. Ne5+ Kg7 1/2-1/2

[Event "Reykjavik Open 2018"]
[Site "Reykjavik ISL"]
[Date "2018.03.10"]
[Round "5.58"]
[White "Sikkel, Dirk"]
[Black "Maxion, Dirk"]
[Result "1-0"]
[BlackTitle "FM"]
[WhiteElo "1937"]
[BlackElo "2187"]
[WhiteFideId "1050079"]
[BlackFideId "4601777"]
[EventDate "2018.03.06"]

1. e4 c5 2. Nf3 d6 3. Bb5+ Nd7 4. O-O Nf6 5. Re1 e6 6. b3 Be7 7. Bb2 O-O 8. d4
cxd4 9. Nxd4 a6 10. Bf1 Nc5 11. f3 Qc7 12. c4 b6 13. Nc3 Bb7 14. Rc1 Rfe8 15.
Nc2 Rad8 16. Ne3 Qb8 17. b4 Ncd7 18. Qb3 Bf8 19. a3 g6 20. Rcd1 Bh6 21. Ne2 Qc7
22. Nc1 Ne5 23. h3 Bg5 24. Ng4 Nexg4 25. hxg4 Bh4 26. g3 Bg5 27. f4 Nxe4 28. Bg2
Nf6 29. fxg5 Nxg4 30. Bf3 Bxf3 31. Qxf3 Qxc4 32. Ne2 e5 33. Nc3 h5 34. gxh6 f5
35. Nd5 Qc8 36. Rc1 Qa8 37. Qd3 Rd7 38. Rc7 1-0